LEADER 00963nam a2200241 i 4500 001 000000160728 003 CaOOAMICUS 005 20070410000000.0 008 070410s1975 it u000 u ita u 013 $a138091 040 $aSeMil$bita 100 1 $aLoew, Jacques,$d<1908-1999>.$0(OLS)http://semarc/name/16267 240 10$aSi vous saviez le don de Dieu.$0(OLS)http://semarc/title/129716 245 10$aSe conosceste il Dono di Dio /$cJacques Loew. 260 $aRoma :$bCittà Nuova,$cCopyr. 1975. 300 $a119 p. ;$c19 cm. 650 4$aCristianesimo - Meditazioni.$0(OLS)http://semarc/subject/1977 650 4$aVita cristiana.$0(OLS)http://semarc/subject/4445 850 $aSeMil 852 $aSeMil$W1$xVenegono$y1$m3F I 401$j112181$B112181$CSeMilBibl$Z2$F122702 $81 961 $aOmaggio: Altro 996 $6245$aSe conosceste il Dono di Dio$9(OLS)http://semarc/title/143535 996 $6260$aRoma :$bCittà Nuova$9(OLS)http://semarc/publisher/29609 LEADER 00772nam a2200205 i 4500 001 000000192237 003 CaOOAMICUS 005 20100914000000.0 008 100914s1975 it u000 u ita u 013 $a170810 040 $aSeMil$bita 245 10$aLettere. 300 $aXXIV, 943 p. 490 0 $aI giorni e le opere 500 $aContiene : Cronologia. 773 0 $aKolbe, Massimiliano $tScritti di Massimiliano Kolbe eroe di Oswiecim e beato della Chiesa.$dFirenze : Città di vita, 1975-1978.$kGiorni e le opere$gVolume1$w()23756 830 2$aI giorni e le opere.$0(OLS)http://semarc/title/31888 850 $aSeMil 852 $aSeMil$W1$xVenegono$y1$m3J I 210$j142813$B142813$CSeMilBibl$Z2$F154256 $81 996 $6245$aLettere$9(OLS)http://semarc/title/1745